Wird geladen...
Dalit and constitutional protection
| 1. Verfasser: | |
|---|---|
| Format: | Printed Book |
| Veröffentlicht: |
New Delhi
Cyber tech publications
2014
|
| Schlagworte: |
| LEADER | 00520nam a22001337a 4500 | ||
|---|---|---|---|
| 020 | |a 9789350532482 | ||
| 082 | |a 305.56 |b ANK.D | ||
| 100 | |a Ankit Tiwari | ||
| 245 | |a Dalit and constitutional protection | ||
| 260 | |a New Delhi |b Cyber tech publications |c 2014 | ||
| 650 | |a Prevention of untouchability |a Scheduled areas in different states |a Constitutional measures | ||
| 942 | |c BK | ||
| 999 | |c 522 |d 522 | ||
| 952 | |0 0 |1 0 |4 0 |6 305_560000000000000_ANK_D |7 0 |8 NFIC |9 518 |a CAMPUS |b CAMPUS |d 2014-12-06 |l 0 |o 305.56 ANK.D |p 19639 |r 2014-12-06 |w 2014-12-06 |y BK | ||